Running a One-Person Business

Guardado en:
Detalles Bibliográficos
Autor principal: Whitmyer, Claude
Otros Autores: Rasberry, Salli, Phillips, Michael
Formato: Libro
Lenguaje:inglés
Publicado: Berkeley Ten Speed Press 1989
Edición:1. ed.
Materias:
Etiquetas: Agregar Etiqueta
Sin Etiquetas, Sea el primero en etiquetar este registro!

MARC

LEADER 00000nam a2200000 4500
001 c019707
005 20221206131612.4
020 |a 0-89815-237-2 
041 0 |a eng 
044 |a US 
245 1 0 |a Running a One-Person Business  |c Claude Whitmyer, Salli Rasberry, Michael Phillips 
250 |a 1. ed. 
264 1 |a Berkeley  |b Ten Speed Press  |c 1989 
300 |a 204 s. 
610 2 0 |a podnik 
610 2 0 |a podnikanie 
610 2 0 |a podnikanie drobné 
610 2 0 |a riadenie 
610 2 0 |a manažment 
610 2 0 |a samostatnosť podnikov 
610 2 0 |a podnikanie slobodné 
610 2 0 |a podnikanie súkromné 
100 1 |a Whitmyer, Claude 
700 1 |a Rasberry, Salli 
700 1 |a Phillips, Michael